| 000 | 00683nam a2200205Ia 4500 | ||
|---|---|---|---|
| 003 | GCL | ||
| 008 | 140319s9999 xx 000 0 ara d | ||
| 020 | _a2102307977 | ||
| 040 |
_aGCL / _cGCL |
||
| 082 | 0 | 4 |
_a005.74 _bأ أ |
| 100 | 1 | _aخالد العامرى | |
| 245 | 1 | 0 |
_aاسرار يونيكس / _cخالد العامرى |
| 700 | 1 | _aجيمس سى ارمسترونج | |
| 260 |
_aالقاهرة : _bدار الفاروق للنشر والتوزيع ، _c2000 |
||
| 300 |
_a1152 ص ؛ _c25 سم |
||
| 650 | 0 | 4 | _aاختزان واسترجاع المعلومات |
| 650 | 0 | 4 | _aيونيكس |
| 650 | 0 | 4 | _aالبيانات (حاسبات الكترونية) |
| 942 |
_2ddc _cBK |
||
| 999 |
_c29649 _d29649 |
||